000 00369cam a2200145ua 4500
041 _aeng
_h
082 _a320.01
_bBAR/PO
100 _aBarnes, J A .
245 _aPolitics in a changing society /
_cJ A Barnes.
_hTextual Documents
260 _aCalcutta :
_bOxford University Press ,
_c1954.
300 _a220 ; .
504 _a
942 _cBK
999 _c3187
_d3187